Statistics for Airlines at SJD (Los Cabos)

Click here to take the quiz!

General Stats

  • This quiz has been taken 18 times
  • The average score is 13 of 15

Answer Stats

HintAnswer% Correct
YYZAir canada
100%
PHXAmerican
100%
JFKJetblue
100%
LAXSpirit
100%
IAHUnited
100%
MEXAero Mexico
90%
LAXDelta
90%
DEN/LASFrontier
90%
PHXSouthwest
90%
YEGWest Jet
80%
LAXAlaska
70%
MSPSun Country
70%
TIJViva Aerobus
70%
GDLVolaris
70%
YXXFlair
60%

Score Distribution

Percentile by Number Answered

Percent of People with Each Score

Your Score History

You have not taken this quiz